000 00964pab a2200157 454500
008 180718b2004 xxu||||| |||| 00| 0 eng d
100 _aThynne, Ian
245 _aState organisations as agencies: an identifiable and meaningful focus of research?
260 _c2004
300 _ap.91-99.
362 _aMay
520 _aThis article addresses the designation and study of state agencies as an important component of a modern governance. It recognises that the recent interest in agencies has not been accompanied by any agreement on what actually constitutes an agency. In response, it distinguishes several types of organisations as possible candidates for agency status and thereafter classified different applications of agencies in terms of these types. Two types are singled out for attention, with relevant lines of research being suggested. - Reproduced.
650 _aOrganizations
773 _aPublic Administration and Development
909 _a60491
999 _c60491
_d60491